• 首页
  • 本馆介绍
  • 公告通知
  • 最新文献
  • 馆藏检索
  • 电子资源
  • 读者导购
  • 参考咨询
  • 我的图书馆
  • 登录
  • 详细信息显示
  • 放入我的书架
  • 预约/预借图书
  • 作者相关作品
  • 分类相关作品
  • 丛书相关作品
  • 出版社相关作品

书目信息

  • 表格格式
  • 工作单格式
  • 卡片格式
题名:
玄武门的血
    
 
作者: 北溟玉 著
分册:  
出版信息: 北京   中国文史出版社  2019.06
页数: 277页
开本: 24cm
丛书名:
单 册:
中图分类: K242.105
科图分类:
主题词: 玄武门之变--xuan wu men zhi bian--通俗读物
电子资源:
ISBN: 978-7-5205-1174-2
000 00886nam0 2200229 450
001 2159237440
005 20210926145302.0
010    @a978-7-5205-1174-2@dCNY52.00
100    @a20200115d2019 em y0chiy50 ea
101 0  @achi
102    @aCN@b110000
105    @ay z 000yy
106    @ar
200 1  @a玄武门的血@Axuan wu men de xue@f北溟玉著
210    @a北京@c中国文史出版社@d2019.06
215    @a277页@d24cm
330    @a本书作者力图还原“玄武门之变”的前因后果,进一步呈现出一个真实立体、有血有肉的李世民形象。内容包括:—切的一切都始于这个男人;李家三儿郎;世民收小弟,多多益善;刘文静之死:唐版诸葛亮的悲惨结局;东方时空:讲述刘武周被平背后的故事;决战武牢:李世民的巅峰之战等。
606 0  @a玄武门之变@Axuan wu men zhi bian@j通俗读物
690    @aK242.105@v5
701  0 @a北溟玉@Abei ming yu@4著
801  0 @aCN@b百万庄@c20210925
905    @b1298820-23@dK242.105@e53@f4
    
    玄武门的血/北溟玉著.-北京:中国文史出版社,2019.06
    277页;24cm
    
    
    ISBN 978-7-5205-1174-2:CNY52.00
    本书作者力图还原“玄武门之变”的前因后果,进一步呈现出一个真实立体、有血有肉的李世民形象。内容包括:—切的一切都始于这个男人;李家三儿郎;世民收小弟,多多益善;刘文静之死:唐版诸葛亮的悲惨结局;东方时空:讲述刘武周被平背后的故事;决战武牢:李世民的巅峰之战等。
●
相关链接 在E读中查询图书 在五车中查询图书 在当当中查询图书 在豆瓣中查询图书


正题名:玄武门的血     索取号:K242.105/53         预约/预借

序号 登录号 条形码 馆藏地/架位号 状态 备注
1 1298820   212988203   第二样本阅览室/ [索取号:K242.105/53] 在馆    
2 1298821   212988212   第二借阅区/ [索取号:K242.105/53] 在馆    
3 1298822   212988221   第二借阅区/ [索取号:K242.105/53] 在馆    
4 1298823   212988230   第二借阅区/ [索取号:K242.105/53] 在馆    
唐山师范学院图书馆 欢迎您!
大连网信软件有限公司© 版权所有